00706nam a2200229 a 4500001001300000003000900013005001700022008003800039020002300077082001700100100002900117245003900146260003700185300000900222500003500231650002900266700002900295902000800324942000700332952012000339999001700459nice12345678IN_TiNIC20260116014923.0091231s1972 a grp 000 0 eng  a0195002075 c10000a306.630bCOC aCochrane, Charles Norris aChristianity and Classical Culture abOxford University Press c1972 a523p aincludes index and biblioraphy aChristianity And Culture1 aCochrane, Charles Norris bSRS cBK 001040708StackRoom-aHMIbHMId2009-12-31g100.00l0o306.630 COCp11001751r2009-12-31v100.00w2009-12-31yBK c17548d17548